MDQL
is popping MORE tags! Check the
thread
!
Quizzes
Events
Quiz Creation
Community
Videos
Private Events
Remove Ads
Sign In
Join for FREE
Feedback
Dark Mode
Quiz Categories
Sports
Geography
Music
Movies
Television
Just For Fun
Miscellaneous
History
Literature
Language
Science
Gaming
Entertainment
Religion
Holiday
For Kids
Quiz Lab
Recent
Popular Today
Quiz Kudos Today
Editor Picks
Curator Picks
Quizzes by...
Day
Popularity
Type
Ratings
Length
Year
Community
Subscriptions
Recent Discussions
Orange Saloon
Badges
Playlists
Quests
Create
Leaderboards
Showdown
Live 5
Trivia Bingo
Activity
Puzzle Library
Sporcle Events
Private Events
Virtual Trivia
Globe League
Become a Host
Pub Owners
SporcleCon
Opinionation
Our Games
Videos
Blog
Mobile Apps
Partnerships
Remove Ads and Go Orange
Feedback
Television
TV Characters
TV Show
Sitcom
Network
Friends
Reality Shows
Cast
South Park
Star Trek
The Simpsons
Doctor Who
Television
TV Characters
TV Show
Sitcom
Network
Friends
Reality Shows
Cast
South Park
Star Trek
The Simpsons
Doctor Who
Random Quiz
Search Sporcle
×
Quiz Lab
Quiz Lab
Television
Star Trek
Type in answers that appear in a list
Type in answers that appear in a list
Classic
Best Score? Go Orange.
Star Trek - Characters in Every Episode Stats
Can you name the characters which appeared in all the episodes of each version of Star Trek?
By
jonesjeffum
10m
30 Questions
293 Plays
293 Plays
293 Plays
Comments
Comments
Give Quiz Kudos
Give Quiz Kudos
-
- Ratings
hide this ad
Random Order
Randomize order of answers
Randomize order of answers
Replay
Link that replays current quiz
Next Quiz
Link to next quiz in quiz playlist
You Got
0%
They Got
Avg Score
84%
Avg Friend Score
Upgrade to see
Score Distribution
Jump to the score distribution portion of the page
Score
0/30
Timer
10:00
0
Plays Today
Version
Character
% Correct
Star Trek
Spock
99.3%
Star Trek
James T. Kirk
98.6%
Star Trek: TNG
Jean-Luc Picard
98.6%
Star Trek: TNG
Data
98.3%
Star Trek: TNG
William T. Riker
96.2%
Star Trek: TNG
Worf
95.6%
Star Trek: Voyager
Kathryn Janeway
93.5%
Star Trek: TNG
Geordi La Forge
91.8%
Star Trek: DS9
Benjamin Sisko
91.5%
Star Trek: DS9
Jake Sisko
91.5%
Star Trek: TNG
Deanna Troi
89.4%
Star Trek: Enterprise
Jonathan Archer
87%
Star Trek: Voyager
Chakotay
85.7%
Star Trek: DS9
Odo
85.3%
Star Trek: DS9
Kira Nerys
85.3%
Version
Character
% Correct
Star Trek: Voyager
Tom Paris
85.3%
Star Trek: Voyager
Harry Kim
84.3%
Star Trek: DS9
Quark
84%
Star Trek: DS9
Julian Bashir
82.9%
Star Trek: Voyager
The Doctor
81.6%
Star Trek: Voyager
Tuvok
80.5%
Star Trek: DS9
Miles O'Brien
80.2%
Star Trek: Voyager
Neelix
80.2%
Star Trek: Enterprise
T'Pol
79.9%
Star Trek: Voyager
B'Elanna Torres
79.2%
Star Trek: Enterprise
Trip Tucker
76.5%
Star Trek: Enterprise
Hoshi Sato
68.6%
Star Trek: Enterprise
Phlox
67.9%
Star Trek: Enterprise
Travis Mayweather
65.9%
Star Trek: Enterprise
Malcolm Reed
64.8%
Quiz Playlist
Details
Report
Send in Message
Add To Playlist
Classic:
Type in answers that appear in a list
Random Order:
Randomize order of answers
Quiz Source
Last Updated: Feb 16, 2017
Quiz Scoreboard
CHALLENGE
Sign Up to Join the Scoreboard
Show All
Scores
Hide
Comments
May contain spoilers
Recently Published
Find the 'City' Movie
by crazypaving
Movies
60s
5x2 Blitz: Bands
by SL_Kpop136
Music
30s
Colored Red Africa Blitz
by spor1
Geography
30s
More to Explore
Quiz From the Vault
Featured Blog Post
14 Easter Pick-up Lines to Find Eggs With
hide this ad
You Might Also Like...
Tags
Star Trek Quiz
Character
episode
star
trek
Version
Today's Top Quizzes in Television
Browse Television
hide this ad
Today's Top Quizzes in Star Trek
Browse Star Trek
Top Contributed Quizzes in Television
1
Survivor Journey Challenge
2
Brooklyn Nine Nine Logic Puzzle (How-To-Play)
3
Phoebe Buffay Quotes
4
One Tree Hill Logic Puzzle
5
Survivor Logic Puzzle: Heroes vs. Villains
6
Survivor Trivia
7
Game of Thrones: Tywin Lannister Start to Finish
8
All US Survivor Seasons in Order
9
Emmerdale Characters (from August 2012)
10
Survivor Trivia #6: Criteria Quiz!
Explore More
Trending Topics
Crossword
NBA
Harry Potter
Kpop
Anime
Disney
Marvel
Puzzle
Country
NFL
The Office
Pokémon
Soccer
Song
WWE
hide this ad
More By:
jonesjeffum
Quiz
Plays
Rating
Category
Featured
Created
NBA Players by Face
1,637,491
4.55
Sports
Feb 17, 2011
NBA Playoffs Statistical Leaders
405,290
4.54
Sports
Apr 16, 2010
City by Landmark Photo
375,322
4.08
Geography
May 5, 2010
Sports Logo Silhouettes
303,580
4.19
Sports
Jan 24, 2013
Sightseeing in North America
275,407
3.76
Geography
May 3, 2010
Go to Creator's Profile
Score Distribution
Quiz Creator Spotlight
jonesjeffum
Follow
Send a Message
Quizzes Created
-
Created Quiz Play Count
-
More By This Creator
Popular Quizzes Today
1
Colored Red Africa Blitz
2
Find the 'City' Movie
3
5x2 Blitz: Bands
4
Find the US States - No Outlines Minefield
5
The Countries of the World
6
Find the US States
7
US States
8
9x9 Crossword: Cartoon Network
More Television Quizzes
TV by Vintage Lunchboxes
Published
Trending Quizzes
Colored Red Europe Blitz I
Colored Red Africa Blitz II
Colored Red Africa Blitz III
Colored Red Europe Blitz III
Colored Red Europe Blitz II
Recently Updated
Champions League XIs: Real Madrid
pecheneg
Largest US Cities 1790-2010
pecheneg
Rides in Walt Disney World
pecheneg
Most Oscar Losses (Acting)
pecheneg
Beyoncé Albums
pecheneg
Leaping Animals
pecheneg
Reality TV Shows (A-Z)
bhenderson79
Rickey Henderson's Hall of Fame Teammates
pecheneg
Champions League XIs: Arsenal
pecheneg
Quick Pick: Celebrities in WWE's Hall of Fame
aduchscher
Trending Topics
Disney
Anime
Crossword
NBA
Kpop
Marvel
Harry Potter
Soccer
Pokémon
Song
WWE
NFL
Country
Puzzle
The Office
Your Account Isn't Verified!
In order to create a playlist on Sporcle, you need to verify the email address you used during registration. Go to your
Sporcle Settings
to finish the process.
Report this User
Report this user for behavior that violates our
Community Guidelines
.
Details:
Send Report
Go to the Sporcle.com Mobile Site →
Comments